Moldova 10k+ Cities - Statistics

General Stats
  • This quiz has been taken 74 times
  • The average score is 15 of 31
Answers on the Map
Answers color-coded by a green-red scale on the quiz's map according to % correct below.
 
Answer Stats
Population Answer % Correct
532,513 Chișinău
98%
97,930 Bălți
90%
133,807 Tiraspol
90%
28,763 Cahul
60%
20,113 Comrat
60%
30,804 Ungheni
58%
22,196 Soroca
56%
21,065 Orhei
54%
91,882 Tighina
54%
25,060 Dubăsari
50%
12,491 Hîncești
50%
47,949 Rîbnița
50%
10,708 Călărași
44%
13,150 Drochia
44%
13,943 Edineț
44%
17,684 Strășeni
44%
11,998 Florești
42%
12,515 Ialoveni
42%
12,355 Taraclia
42%
15,939 Căușeni
38%
17,210 Durlești
38%
11,288 Fălești
38%
11,948 Vulcănești
38%
16,605 Ceadîr-Lunga
36%
10,479 Cimișlia
34%
10,063 Nisporeni
32%
11,834 Sîngerei
32%
14,618 Slobozia
30%
10,669 Cricova
28%
15,934 Codru
22%
10,436 Dnestrovsk
18%
No matching quizzes found
Score Distribution
Percent of People with Each Score
Percentile by Number Answered
Your Score History
You have not taken this quiz